000 00712nam a2200229Ia 4500
003 OSt
005 20220923214004.0
006 a|||||r|||| 00| 0
007 ta
008 220922b |||||||| |||| 00| 0 hin d
024 _a166,172
037 _cTextual
040 _aARTS
_cARTS
_bhin
041 _2hin
_ahin
082 _aO152:1J32:11:90Y1, L3 (TTPH)
100 _aगया सिंह
245 0 _aतुलसी काव्य की लोकतात्विक संरचना
246 _aTulasī kāvya kī lokatātvik sanrachanā
260 _c1973
942 _hO152:1J32:11:90Y1, L3 (TTPH)
_cTEXL
_2CC
999 _c320651
_d320651